00578nam a2200181Ia 450000500170000000800410001702000060005808200150006410000230007924500750010226000530017730000130023065000240024365000130026794200060028095200950028699900150038120240906050929.0240331s9999 xx 000 0 und d a  bPARa677  aPararajasingham, E 0aTextile history of Sri Lanka : bfrom ancient times to new millennium aColombobParanan Associate private Limitedc2006 a264 p ., a Textile Industry  aHistory  cL 001040708LaWERCLbWERCLcSSCd2024-03-31l0o 677 PARp5767r2024-03-31w2024-03-31yL c3055d3055